|
|
|
|
| LEADER |
00000nam a2200000 a 4500 |
| 001 |
UCZ3210 |
| 003 |
CL-VaPUC |
| 008 |
951020e19670000FR |||||||||||||||||fre|d |
| 082 |
0 |
4 |
|a 194
|b SCH
|2 21
|
| 100 |
0 |
|
|a Schaff, Adam
|e author
|9 347026
|
| 245 |
1 |
0 |
|a Langage et connaissance: suivi de six essais sur la philosophie du langage
|
| 300 |
|
|
|a 372 p
|
| 942 |
|
|
|c BK
|
| 945 |
|
|
|d 19951020 00:00:00
|a rleighto
|
| 260 |
|
|
|a París
|b Anthropos
|c 1967
|
| 650 |
|
0 |
|a Filosofía del lenguaje
|9 257082
|
| 650 |
|
7 |
|a CONOCIMIENTO
|2 CL-VaPUC
|9 308991
|
| 650 |
|
0 |
|a Empirismo
|9 255037
|
| 583 |
|
|
|a last modification
|c 20190801 08:57:10
|k Rodrigo Vera
|
| 999 |
|
|
|c 239708
|d 239706
|
| 952 |
|
|
|0 0
|1 0
|4 0
|6 194_000000000000000_SCH_1967
|7 0
|8 P
|9 251023
|a BIBEDU
|b BIBEDU
|c BIBEDU_PB
|d 2019-11-18
|i 3127370
|o 194 SCH 1967
|p 3127370
|r 2024-01-25
|w 2019-11-18
|y BK
|k FIL
|